Score 0/10 Timer 01:30
0 Plays Today
% Correct
Iraq
92.3%
Brazil
92.1%
Sweden
91.6%
United States
87.8%
Sudan
79.4%
Belgium
77.9%
Serbia
70.4%
Georgia
70.3%
Liberia
66.1%
Pakistan
64.2%

Today's Daily Dose

Missing Word
Movies EA - EZ

Word Ladder
Bedtime!

You're not logged in!

Compare scores with friends on all Sporcle quizzes.
OR
Log In

Sporcle TV

Today on Sporcle TV


Watch our educational content, quiz creation guides, and fun videos on Sporcle TV.

Show Comments

Extras

Top Quizzes Today


Score Distribution

Paid Content

Your Account Isn't Verified!

In order to create a playlist on Sporcle, you need to verify the email address you used during registration. Go to your Sporcle Settings to finish the process.

Report this User

Report this user for behavior that violates our Community Guidelines.

Details: